LEADER 01030nam a2200241 u 4500 001 000000091874 003 CaOOAMICUS 005 20070226124858.0 008 060329s1966 fr u000 u fre u 035 $a11083645 040 $aPUL(R)$bita 100 1 $aRousseau, Jean-Jacques,$d1712-1778.$0(OLS)http://pul/name/9887 245 10$aDu contrat social /$cJean-Jacques Rousseau ; chronologie et introduction par Pierre Burgelin. 260 $aParis :$bGarnier-Flammarion,$cc1966. 300 $a187 p. ;$c18 cm 490 1 $aGarnier-Flammarion.$aTexte intégral ;$v94 700 1 $aBurgelin, Pierre.$0(OLS)http://pul/name/11698 830 0$aGarnier-Flammarion.$pTexte intégral ;$v94.$0(OLS)http://pul/title/70155 850 $aPUL 852 $aPUL$W1$xDP1 Fondo Seidl$y56$m3 C 12$j115641$nBK-PRI$b $qFondi$B115641$CPULBib$Z2$F115641 $H $81 941 1 $a1 996 $6245$aDu contrat social$9(OLS)http://pul/title/118581 996 $6260$aParis :$bGarnier-Flammarion$9(OLS)http://pul/publisher/68250 LEADER 01270nam a2200289 u 4500 001 000000063699 003 CaOOAMICUS 005 20070226121256.0 008 011105s1980 it fo u000 u ita u 035 $a10908818 040 $aPUL(R)$bita 100 1 $aMaselli, Domenico.$0(OLS)http://pul/name/35817 245 11$a"Granel di sale":$bun secolo di storia della chiesa avventista del 7° giorno in Italia (1864-1964) /$cDomenico Maselli. 260 $aTorino :$bClaudiana,$cc1980. 300 $a256 p., 39 c. di tav. :$bfot., facs. ;$c22 cm 490 1 $aStoria del movimento evangelico in Italia ;$v5 500 $aContiene indici. 504 $aBibliografia in nota. 650 4$aProtestantesimo.$0(OLS)http://pul/subject/447 830 0$aStoria del movimento evangelico in Italia ;$v5.$0(OLS)http://pul/title/66787 850 $aPUL 852 $aPUL$W1$xSL Religione 1$y3$m75 H 19$j82637$n $b $qStampati$B82637$CPULBib$Z2$F82637 $H $81 941 1 $a8 960 $aRiforma$9447 960 $aRiforma$9447 996 $6245$a"Granel di sale": :$bun secolo di storia della chiesa avventista del 7° giorno in Italia (1864-1964)$9(OLS)http://pul/title/84917 996 $6260$aTorino :$bClaudiana$9(OLS)http://pul/publisher/48072 LEADER 00887nam a2200229 a 4500 001 000000136804 003 CaOOAMICUS 005 20131216115328.0 008 131216s1981 it u000 u ita r 040 $aPUL$bita 100 1 $aAndreotti, Giulio,$d1919-2013.$0(OLS)http://pul/name/13384 245 10$aDiari 1976 1979 :$bgli anni della solidarietŕ /$cGiulio Andreotti. 260 $aMilano :$bRizzoli,$c1981. 300 $a366 p. ;$c23 cm 651 4$aItalia$xStoria$y1976-1979.$0(OLS)http://pul/subject/39959 850 $aPUL 852 $aPUL$W1$xDP1 Fondo E. Rossi$y115$m3 A 15$j41833$qFondi$B157068$CPULBib$Z2$F157068 $82 941 1 $a1 961 $aSul dorso collocazione ms. di E. Rossi: CP 9 2 996 $6245$aDiari 1976 1979 :$bgli anni della solidarietŕ$9(OLS)http://pul/title/173211 996 $6260$aMilano :$bRizzoli$9(OLS)http://pul/publisher/48712